000
00319nam a2200133Ia 4500
008
190216s9999||||xx |||||||||||||| ||und||
100
_a
S. P. Jain & K.L. Narang
245
0
_a
Costand Manegement Accounting
250
_a
1st Ed.
260
_b
Kalyani Pub
_c
2007
300
_a
482
650
_a
Commerce
942
_c
BK
999
_c
8242
_d
8242